Statistics for Quantum physic's most famous names

Click here to take the quiz!

General Stats

  • This quiz has been taken 312 times
  • The average score is 7 of 22

Answer Stats

Answer% Correct
Einstein
90%
Schrodinger
70%
Bohr
68%
Heisenberg
60%
Planck
59%
Feynmann
40%
Dirac
38%
Rutherford
35%
Fermi
32%
Curie
30%
Pauli
30%
De Broglie
28%
Hawking
26%
Born
25%
Bose
16%
Thomson
12%
Compton
6%
Lorentz
6%
Neumann
4%
Rydberg
2%
Wilson
1%
Langevin
0%

Score Distribution

Percentile by Number Answered

Percent of People with Each Score

Your Score History

You have not taken this quiz